[Event "33 Open Andorra Hotel St.Gothard "]
[Site "Erts-La Massana"]
[Date "2015.07.26"]
[Round "9.14"]
[White "Silva Rodriguez, Fernando"]
[Black "Kalegin, Evgenij"]
[Result "0-1"]
[WhiteElo "2305"]
[BlackElo "2445"]
[PlyCount "80"]
[EventDate "2015.??.??"]

1. d4 d6 2. Nf3 Nf6 3. c4 Nbd7 4. Nc3 e5 5. Bg5 exd4 6. Nxd4 g6 7. e3 Bg7 8.
Be2 O-O 9. O-O Nc5 10. Qc2 Ne6 11. Nxe6 fxe6 12. f4 c6 13. Kh1 Qc7 14. Bd3 Bd7
15. Rae1 Rae8 16. a3 Bc8 17. Bh4 b6 18. Re2 Rf7 19. e4 Nh5 20. Ref2 Ref8 21.
Ne2 c5 22. f5 e5 23. h3 Bh6 24. g4 Nf4 25. Kh2 Nxe2 26. Qxe2 Bf4+ 27. Bg3 g5
28. Kg2 h5 29. Rh1 Rh7 30. h4 Qg7 31. Qf3 Kh8 32. hxg5 Bxg3 33. Qxg3 Qxg5 34.
gxh5 Qh6 35. Qh4 Rg8+ 36. Kh2 Qe3 37. Rd1 Rhg7 38. h6 Rg4 39. Qf6+ Kh7 40. Qf7+
R8g7 0-1

[Event "33 Open Andorra Hotel St.Gothard "]
[Site "Erts-La Massana"]
[Date "2015.07.26"]
[Round "9.15"]
[White "Barbot, Pierre"]
[Black "Sanchez Jerez, Emilio Miguel"]
[Result "1/2-1/2"]
[WhiteElo "2445"]
[BlackElo "2217"]
[PlyCount "111"]
[EventDate "2015.??.??"]

1. d4 Nf6 2. c4 d6 3. Nf3 g6 4. Nc3 Bg7 5. e4 O-O 6. h3 e5 7. d5 Nh5 8. g3 a5
9. Be2 Na6 10. Be3 Nf6 11. g4 Nd7 12. Rg1 Ndc5 13. h4 Kh8 14. h5 gxh5 15. gxh5
f5 16. Bg5 Bf6 17. Bh6 Rg8 18. Rxg8+ Qxg8 19. Qd2 fxe4 20. Ng5 Bf5 21. O-O-O
Bg7 22. Bxg7+ Qxg7 23. Rg1 Nb4 24. Qe3 Rg8 25. Rg3 Qf6 26. Kd2 c6 27. a3 cxd5
28. cxd5 Nbd3 29. Ngxe4 Bxe4 30. Rxg8+ Kxg8 31. Nxe4 Nxe4+ 32. Qxe4 Nc5 33.
Qg4+ Kf7 34. b4 axb4 35. axb4 Nb3+ 36. Ke3 Nd4 37. Bd3 h6 38. Qd7+ Qe7 39. Bg6+
Kf6 40. Qc8 Kg7 41. Kd3 b6 42. Qb8 Qd7 43. Kd2 b5 44. Be4 Qf7 45. Kd3 Qxf2 46.
Qc7+ Qf7 47. Qxd6 Qf1+ 48. Kd2 Qf2+ 49. Kd1 Qf1+ 50. Kd2 Qe2+ 51. Kc1 Nb3+ 52.
Kb1 Nd2+ 53. Kc1 Nb3+ 54. Kb1 Nd2+ 55. Kc1 Nb3+ 56. Kb1 1/2-1/2

[Event "33 Open Andorra Hotel St.Gothard "]
[Site "Erts-La Massana"]
[Date "2015.07.26"]
[Round "9.16"]
[White "Jerez Perez, Alfonso"]
[Black "Laclau, Daniel"]
[Result "1-0"]
[WhiteElo "2406"]
[BlackElo "2301"]
[PlyCount "111"]
[EventDate "2015.??.??"]

1. e4 d5 2. exd5 Qxd5 3. Nc3 Qa5 4. Bc4 Nf6 5. d3 c6 6. Bd2 Qc7 7. Qe2 e6 8.
Nf3 Be7 9. O-O Nbd7 10. d4 b5 11. Bd3 Bb7 12. Rfe1 a6 13. Ne5 O-O 14. Ne4 c5
15. Nxd7 Nxd7 16. dxc5 Nxc5 17. Nxc5 Qxc5 18. Bc3 Qg5 19. Be4 Bxe4 20. Qxe4 Bf6
21. Bxf6 Qxf6 22. c3 Rad8 23. Rad1 g6 24. g3 Rxd1 25. Rxd1 Rd8 26. Qe2 Rxd1+
27. Qxd1 e5 28. a4 Qc6 29. axb5 axb5 30. Qd3 e4 31. Qd8+ Kg7 32. Qd4+ Kh6 33.
b3 f5 34. c4 bxc4 35. bxc4 g5 36. c5 Kg6 37. Qe5 h5 38. h4 g4 39. Qe7 Qf6 40.
Qe8+ Qf7 41. Qc6+ Kg7 42. Qd6 Qc4 43. Qe7+ Qf7 44. Qg5+ Kf8 45. Qd8+ Qe8 46.
Qd6+ Kf7 47. c6 e3 48. fxe3 Qxe3+ 49. Kf1 Qf3+ 50. Ke1 Qe3+ 51. Kd1 Qe6 52. Qc5
Ke8 53. c7 Qc8 54. Kd2 Kd7 55. Qxf5+ Kxc7 56. Qxc8+ 1-0

[Event "33 Open Andorra Hotel St.Gothard "]
[Site "Erts-La Massana"]
[Date "2015.07.26"]
[Round "9.17"]
[White "Brochet, Philippe"]
[Black "Romero Berruezo, Francisco"]
[Result "1-0"]
[WhiteElo "2378"]
[BlackElo "2198"]
[PlyCount "71"]
[EventDate "2015.??.??"]

1. e4 e6 2. d4 d5 3. Nd2 c5 4. exd5 Qxd5 5. Ngf3 cxd4 6. Bc4 Qd7 7. O-O Nc6 8.
Nb3 Nf6 9. Nbxd4 Nxd4 10. Nxd4 a6 11. Bf4 Bd6 12. Nxe6 Bxf4 13. Nxf4 O-O 14.
Nd5 Nxd5 15. Bxd5 Qb5 16. b3 Bf5 17. c4 Qd7 18. Qf3 Bg4 19. Qf4 Rab8 20. h3 Bh5
21. Rfe1 b5 22. Qe5 Bg6 23. c5 Rbd8 24. Bf3 f6 25. Qe6+ Bf7 26. Qxa6 Qd4 27. c6
Ra8 28. Qxb5 Rfb8 29. Qf5 g6 30. Qg4 Qxg4 31. hxg4 Ra7 32. Rac1 Rc7 33. Red1
Kf8 34. Rd7 Rbc8 35. Rxc7 Rxc7 36. b4 1-0

[Event "33 Open Andorra Hotel St.Gothard "]
[Site "Erts-La Massana"]
[Date "2015.07.26"]
[Round "9.19"]
[White "Romero Calduch, Sergio"]
[Black "Trigo Urquijo, Sergio"]
[Result "0-1"]
[WhiteElo "2172"]
[BlackElo "2358"]
[PlyCount "118"]
[EventDate "2015.??.??"]

1. d4 d6 2. Nf3 g6 3. c4 Bg7 4. g3 e5 5. Nc3 Nd7 6. Bg2 Ngf6 7. e4 O-O 8. h3 h6
9. O-O Nh7 10. Be3 Ng5 11. Nxg5 hxg5 12. Qd2 exd4 13. Bxd4 Ne5 14. b3 c5 15.
Bxe5 Bxe5 16. Rad1 g4 17. h4 a6 18. Nd5 b5 19. Rfe1 Ra7 20. Bf1 b4 21. Be2 Kg7
22. Rf1 Rh8 23. Kg2 Be6 24. Nf4 Bd7 25. Nd3 Bc3 26. Qf4 Qf6 27. Qxf6+ Bxf6 28.
Nf4 Bd4 29. Nd5 a5 30. Ne3 Re8 31. Bxg4 Bxg4 32. Nxg4 Rxe4 33. Ne3 a4 34. Kf3
Re6 35. Nc2 Bc3 36. Ne3 axb3 37. axb3 Ra3 38. Rd3 Ra2 39. Nd5 Be5 40. Re1 Bd4
41. Rxe6 Rxf2+ 42. Kg4 fxe6 43. Nxb4 e5 44. Nc6 e4 45. Rd1 Bc3 46. Ne7 e3 47.
Nd5 e2 48. Nxc3 exd1=Q+ 49. Nxd1 Rd2 50. Nc3 Rd4+ 51. Kh3 Rd3 52. Ne4 Kf7 53.
Kg4 Ke7 54. Kg5 Re3 55. Kf4 Rxb3 56. g4 Rb4 57. Nd2 Rb2 58. Nf3 Rc2 59. Kg5
Rxc4 0-1

[Event "33 Open Andorra Hotel St.Gothard "]
[Site "Erts-La Massana"]
[Date "2015.07.26"]
[Round "9.20"]
[White "Guichard, Pauline"]
[Black "Dubois, Pierre"]
[Result "0-1"]
[WhiteElo "2353"]
[BlackElo "2112"]
[PlyCount "110"]
[EventDate "2015.??.??"]

1. d4 d5 2. c4 e5 3. dxe5 d4 4. Nf3 Nc6 5. g3 Bg4 6. Nbd2 Qe7 7. Bg2 O-O-O 8.
O-O f6 9. b4 Nxe5 10. Bb2 d3 11. Bxe5 fxe5 12. exd3 Rxd3 13. Qa4 Qxb4 14. Qe8+
Rd8 15. Qxe5 Nf6 16. Rab1 Qe7 17. Qb2 c6 18. Rfe1 Qc7 19. Ne5 Bf5 20. Rbd1 Bc5
21. Nb3 Bb4 22. Rf1 Rxd1 23. Rxd1 Re8 24. Nf3 Bg4 25. a3 Bd6 26. c5 Bf8 27. Qc2
Qe7 28. h3 Be6 29. Rb1 Bd5 30. Qc3 Ne4 31. Qa5 Bxb3 32. Rxb3 Qxc5 33. Qe1 Nf6
34. Qd1 Bd6 35. Nd4 Bc7 36. Rd3 Bb6 37. Qc2 Qxc2 38. Nxc2 Re2 39. Ne3 Bxe3 40.
fxe3 Kc7 41. Kf1 Rc2 42. h4 c5 43. Rb3 b6 44. e4 Kd6 45. Rf3 Rc4 46. Rf4 Ke7
47. Bf3 Rc3 48. a4 Nd7 49. g4 Ne5 50. Be2 Nd3 51. Rf5 g6 52. Rg5 Rc1+ 53. Kg2
h6 54. Bxd3 hxg5 55. h5 c4 0-1